<?xml version="1.0" encoding="UTF-8"?>
<marc:record xmlns:marc="http://www.loc.gov/MARC21/slim">
   <marc:leader>00000nam a2200000 a 4500</marc:leader>
   <marc:datafield ind1="1" ind2=" " tag="100">
      <marc:subfield code="a">Hawking, Stephen W.</marc:subfield>
      <marc:subfield code="4">aut</marc:subfield>
      <marc:subfield code="e">Verfasser/-in</marc:subfield>
   </marc:datafield>
   <marc:datafield ind1=" " ind2=" " tag="653">
      <marc:subfield code="a">Antolin</marc:subfield>
   </marc:datafield>
   <marc:datafield ind1=" " ind2=" " tag="653">
      <marc:subfield code="a">Universum</marc:subfield>
   </marc:datafield>
   <marc:datafield ind1=" " ind2=" " tag="653">
      <marc:subfield code="a">Schöpfung</marc:subfield>
   </marc:datafield>
   <marc:datafield ind1=" " ind2=" " tag="653">
      <marc:subfield code="a">Welt</marc:subfield>
   </marc:datafield>
   <marc:datafield ind1=" " ind2=" " tag="653">
      <marc:subfield code="a">Klasse-3</marc:subfield>
   </marc:datafield>
   <marc:datafield ind1="0" ind2="0" tag="245">
      <marc:subfield code="a">Schaut zu den Sternen! Gemeinsam unterwegs in Richtung Zukunft</marc:subfield>
   </marc:datafield>
   <marc:datafield ind1="0" ind2="0" tag="245">
      <marc:subfield code="b">Bilderbuch ab 4 Jahren</marc:subfield>
   </marc:datafield>
   <marc:datafield ind1=" " ind2="1" tag="264">
      <marc:subfield code="b">Penguin JUNIOR</marc:subfield>
      <marc:subfield code="c">2025</marc:subfield>
   </marc:datafield>
   <marc:datafield ind1="1" ind2=" " tag="520">
      <marc:subfield code="a">Stephen Hawkings Botschaft an die Menschheit
 »Wir alle sind Zeitreisende auf unserem gemeinsamen Weg in die Zukunft. Lasst uns dafür sorgen, dass diese Zukunft ein Ort ist, den wir gerne besuchen möchten.«
Stephen Hawking hat sich als einer der bedeutendsten Wissenschaftler unserer Zeit sein Leben lang den großen Fragen der Erde und des Kosmos gestellt und viele Antworten gefunden. Doch ihm war immer bewusst, dass es neben der allgemeinen Relativitätstheorie oder Schwarzen Löchern noch andere Herausforderungen für die Menschheit gibt. In »Schaut zu den Sternen!« ermutigt er uns, sich neugierig den großen Fragen des Lebens zu stellen, um zu erkennen, dass wir alle Teil von etwas Größerem sind und nur zusammen Lösungen für eine bessere Zukunft finden können.</marc:subfield>
   </marc:datafield>
   <marc:datafield ind1=" " ind2=" " tag="020">
      <marc:subfield code="a">9783328303794</marc:subfield>
      <marc:subfield code="9">9783328303794</marc:subfield>
   </marc:datafield>
</marc:record>
